|
|
|
|
| LEADER |
00000nam0a2200000 4500 |
| 001 |
280297 |
| 005 |
20231101235306.0 |
| 010 |
|
|
|a 9785699673711
|
| 035 |
|
|
|a (RuTPU)RU\TPU\book\303606
|
| 090 |
|
|
|a 280297
|
| 100 |
|
|
|a 20141226d2014 km y0rusy50 ca
|
| 101 |
0 |
|
|a rus
|
| 102 |
|
|
|a RU
|
| 105 |
|
|
|a a z 000zb
|
| 200 |
1 |
|
|a Записки капитана флота
|f В. М. Головнин
|g Русское географическое общество (РГО)
|
| 210 |
|
|
|a Москва
|c Эксмо
|c ОКО
|d 2014
|
| 215 |
|
|
|a 480 с.
|c ил.
|
| 225 |
1 |
|
|a Великие русские путешественники
|
| 330 |
|
|
|a В плеяде российских мореплавателей вице-адмирал Василий Михайлович Головнин (1776— 1831) занимает особое место. Член-корреспондент Петербургской Академии наук, он внес значительный вклад во все области военно-морского дела, много сделал для организации и строительства российского флота, известен как талантливый ученый и писатель, воспитал целую плеяду отважных русских мореплавателей: Ф. П. Литке, Ф. П. Врангеля, Ф. Ф. Матюшкина и других. Именем Головнина названы мыс на юго-западном берегу Северной Америки — бывшей «Русской Америки», гора на острове Новая Земля, пролив в гряде Курильских островов,залив в Беринговом море. Всегда вопреки обстоятельствам и судьбе — такой была жизнь Головнина и таким стало его кругосветное путешествие на шлюпе «Диана». Отдав долг Родине, Василий Михайлович выполнил свои«обязательства» и перед читающей публикой, открыв в книге «Записки в плену у японцев» загадочный мир Японии. Уникальный материал о неведомой тогда стране и ее народе плюс блестящий литературный талант — неудивительно, что эта книга сразу была переведена на многие европейские языки.
|
| 600 |
|
1 |
|a Головнин
|b В. М.
|c российский мореплаватель
|c вице-адмирал (1830), член-корреспондент Петербургской АН (1818), ученый, писатель, прогрессивный общественный и государственный деятель
|f 1776-1831
|g Василий Михайлович
|2 stltpush
|3 (RuTPU)RU\TPU\pers\14668
|9 4884
|
| 606 |
1 |
|
|a Географические открытия и исследования
|x История
|2 stltpush
|3 (RuTPU)RU\TPU\subj\5915
|9 33899
|
| 610 |
1 |
|
|a география
|
| 610 |
1 |
|
|a географические экспедиции
|
| 610 |
1 |
|
|a русские путешественники
|
| 610 |
1 |
|
|a 19 век
|
| 610 |
1 |
|
|a Россия
|
| 610 |
1 |
|
|a морской флот
|
| 610 |
1 |
|
|a кругосветные путешествия
|
| 610 |
1 |
|
|a Япония
|
| 610 |
1 |
|
|a воспоминания
|
| 610 |
1 |
|
|a Камчатка
|
| 610 |
1 |
|
|a история
|
| 610 |
1 |
|
|a исследование
|
| 610 |
1 |
|
|a открытие
|
| 675 |
|
|
|a 910.4
|v 3
|
| 700 |
|
1 |
|a Головнин
|b В. М.
|c российский мореплаватель
|c вице-адмирал (1830), член-корреспондент Петербургской АН (1818), ученый, писатель, прогрессивный общественный и государственный деятель
|f 1776-1831
|g Василий Михайлович
|2 stltpush
|3 (RuTPU)RU\TPU\pers\14668
|9 4884
|
| 712 |
0 |
2 |
|a Русское географическое общество (РГО)
|c (1845-1850, 1917-1926, 1992- )
|2 stltpush
|3 (RuTPU)RU\TPU\col\14342
|
| 801 |
|
1 |
|a RU
|b 63413507
|c 20141226
|
| 801 |
|
2 |
|a RU
|b 63413507
|c 20151224
|g RCR
|
| 942 |
|
|
|c BK
|